000 01954nam a2200553 i 4500
001 3120
003 KOSZ 005
005 20200525092537.0
008 200525s1985 pl a f 000 0 pol
015 _aUWD 1986/1019
035 _a991007541309705066
035 _a(PL-WaBN)b11956070-48omnis_nlop
035 _ab11956070
035 _a(OCoLC)803999872
035 _a(PL)b0000001195607
035 _a(EXLNZ-48OMNIS_NETWORK)9910523746305606
040 _aWA N
_cWA N
_dKOSZ 005/AR
046 _k1985
080 _a69
080 _a624
080 _a72
080 _a72(071)
080 _a(075.8)
100 1 _aJanuszaniec, Bolesław
_eAutor
245 1 0 _aBudownictwo dla architektów /
_cBolesław Januszaniec ; Politechnika Białostocka.
260 _aBiałystok :
_bWydawnictwa Politechniki Białostockiej,
_c1985.
300 _a225, [2] strony :
_bilustracje ;
_c23 cm.
336 _aTekst
_btxt
_2rdacontent
337 _aBez urządzenia pośredniczącego
_bn
_2rdamedia
338 _aWolumin
_bnc
_2rdacarrier
380 _aKsiążki
380 _aPublikacje dydaktyczne
385 _mPoziom nauczania
_aSzkoły wyższe
388 _a1901-2000
388 _a1945-1989
490 1 _aSkrypt / Politechnika Białostocka
500 _aMateriał przedstawiony w skrypcie dotyczy stanu surowego budowli.
504 _aBibliografia na stronie [227]. Wykaz norm przy rozdziałach.
650 7 _aBudownictwo
_2DBN
650 7 _aArchitekci
_2DBN
655 7 _aPodręczniki akademickie
_2DBN
658 _aArchitektura i budownictwo
710 2 _aPolitechnika Białostocka
710 2 _4pbl
_aOficyna Wydawnicza Politechniki Białostockiej
830 0 _aSkrypty - Politechnika Białostocka
856 _uhttp://koha.tu.koszalin.pl/cgi-bin/koha/opac-detail.pl?biblionumber=3120
_yKatalog online BPK
942 _2UKD
_cKS
999 _c3120
_d3120